000 00296nam a22001457a 4500
008 221111b ||||| |||| 00| 0 eng d
020 _a0025371517
041 _aeng
080 _a32
082 _a32 FAU
100 _a32
101 _aJUR
245 _aROVE V.WADE
_cFAUX M
942 _2udc
_cBK
999 _c58860
_d58860